MARC

LEADER 00000cam a2200000 7i4500
001 0000007978
002 000008643
005 20080122.0
020 |a 9971490218 
090 0 0 |a 895   |b FER 
100 1 |a Fernando, Lloyd 
245 1 0 |a Cultures in conflict :   |b essays on literature & the English language in South East Asia   |c Lloyd Fernando 
260 |a Singapore :   |b Graham Brash ,   |c 1986 
300 |a viii, 253 p. ;   |c 23 cm. 
650 0 0 |a Culture conflict   |z Asia, Southeastern 
650 0 0 |a English language   |x Social aspects   |z Asia, Southeastern 
650 0 0 |a Malaysian literature (English)   |x History and criticism 
650 0 0 |a Malaysian literature   |y 20th century   |x History and criticism 
650 0 0 |a Southeast Asian literature   |x English influences 
650 0 0 |a Southeast Asian literature   |y 20th century   |x History and criticism 
999 |a 0003641   |b BUKU   |c PINJAMAN   |e PERPUSTAKAAN KOMUNITI PETALING JAYA 
999 |a 0004557   |b BUKU   |c PINJAMAN   |e PERPUSTAKAAN KOMUNITI PETALING JAYA 
999 |a 042065   |b BUKU   |c PINJAMAN   |e PERPUSTAKAAN KOMUNITI PETALING JAYA